Consolidación del Sistema de Información Ambiental Territorial del Pacífico colombiano SIAT-PC : (Registro nro. 6511)
[ vista simple ]
| 000 -CABECERA | |
|---|---|
| Campo de control | 01557nam a2200253 a 4500 |
| 005 - FECHA Y HORA DE LA ULTIMA TRANSACCION | |
| Campo de control | 20160811150636.0 |
| 008 - ELEMENTOS DE LONGITUD FIJA—INFORMACION GENERAL | |
| Campo de control | 141015s2007 ck ad gr 00010 spa d |
| 020 ## - ISBN | |
| ISBN | 9789589810484 |
| 040 ## - FUENTE DE CATALOGACIÓN | |
| Agencia catalogadora original | CO-BoBLA |
| Agencia transcriptora | CO-BoBLA |
| Agencia Modificadora | CO-BoIAVH |
| 041 0# - IDIOMA | |
| Código de idioma para texto/pista de sonido o título separado | Español |
| 044 ## - PAÍS DE PUBLICACIÓN | |
| País de publicación | Colombia |
| 082 04 - NUMERO DE CLASIFICACION DECIMAL DEWEY | |
| Número de clasificación | 333.72 |
| Número del ítem | I62 |
| 245 00 - MENCION DE TITULO | |
| Título | Consolidación del Sistema de Información Ambiental Territorial del Pacífico colombiano SIAT-PC : |
| Parte restante del título | identificación y caracterización de actores, procesos de gestión de información, memorias de los talleres regionales / |
| Mención de responsabilidad | edición y compilación Leonardo José Arias Alemán, Paula Cristina Sierra Correa. |
| 260 ## - PUBLICACION, DISTRIBUCION, ETC. (PIE DE IMPRENTA) | |
| Lugar de publicación, distribución, etc. | Cali : |
| Nombre del editor, distribuidor, etc. | Instituto de Investigaciones Marinas y Costeras "José Benito Vives de Andreis" - INVEMAR : |
| -- | Instituto de Investigaciones Ambientales del Pacífico : |
| Fecha de publicación, distribución, etc. | Ministerio de Ambiente Vivienda y Desarrollo Territorial, |
| -- | 2007. |
| 300 ## - DESCRIPCION FISICA | |
| Extensión | 77, [29] páginas : |
| Otros detalles físicos | ilustraciones y gráficos ; |
| Dimensiones | 27 x 21 cm. |
| 504 ## - NOTA DE BIBLIOGRAFIA, ETC. | |
| Nota de bibliografía | Incluye referencias bibliográficas: página 75. |
| 610 24 - ASIENTO SECUNDARIO DE MATERIA - NOMBRE CORPORATIVO | |
| Nombre corporativo o nombre de la jurisdicción como elemento de entrad | Sistema de Información Ambiental Territorial del Pacífico Colombiano |
| Subdivisión general | Actividades |
| 9 (RLIN) | 74288 |
| 610 24 - ASIENTO SECUNDARIO DE MATERIA - NOMBRE CORPORATIVO | |
| Nombre corporativo o nombre de la jurisdicción como elemento de entrad | Sistema de Información Ambiental Territorial del Pacífico Colombiano |
| Subdivisión general | Historia |
| 9 (RLIN) | 74289 |
| 610 26 - ASIENTO SECUNDARIO DE MATERIA - NOMBRE CORPORATIVO | |
| Nombre corporativo o nombre de la jurisdicción como elemento de entrad | Sistema de Información Ambiental Territorial del Pacífico Colombiano |
| Subdivisión general | Talleres |
| 9 (RLIN) | 74290 |
| 650 26 - ASIENTO SECUNDARIO DE MATERIA - TERMINO TEMATICO | |
| Término temático o nombre geográfico como elemento de entrada | Sistemas de información ambiental |
| Subdivisión geográfica | Pacífico (Región, Colombia) |
| 9 (RLIN) | 74291 |
| 700 1# - ASIENTO SECUNDARIO - NOMBRE PERSONAL | |
| Nombre personal | Arias Alemán, Leonardo José |
| Término de relación | compilador |
| 9 (RLIN) | 74275 |
| 700 1# - ASIENTO SECUNDARIO - NOMBRE PERSONAL | |
| Nombre personal | Sierra-Correa, Paula Cristina |
| Término de relación | compiladora |
| 9 (RLIN) | 10848 |
| 942 ## - ELEMENTOS ADICIONALES (KOHA) | |
| Sistema de clasificación | Dewey Decimal Classification |
| Tipo de ítem | Libro |
| Withdrawn status | Lost status | Sistema de Clasificación | Damaged status | No para préstamo | Colección | Inventariado | Ubicación Permanente | Ubicación actual | Fecha de adquisición | Fuente de Valor | Valor | Total Checkouts | Número topográfico | Inventario / Código de Barras | Date last seen | Ejemplar | Price effective from | Forma de adquisición | Tipo de material |
|---|---|---|---|---|---|---|---|---|---|---|---|---|---|---|---|---|---|---|---|
| Dewey Decimal Classification | General | Inventariado 2017 | Bogotá | Bogotá | 03/03/2014 | Instituto | 39000.00 | LB-333.72 I62 | 034104 | 03/03/2014 | Ej. 1 | 03/03/2014 | Canje | Libro | |||||
| Dewey Decimal Classification | General | Inventariado 2017 | Sala Fabio Quevedo | Sala Fabio Quevedo | 26/08/2008 | Instituto | 39000.00 | LB-333.72 I62 | 024231 | 04/12/2012 | Ej. 2 | 04/12/2012 | Donación | Libro |